000 01077nam0a22003011 4500
001 RU\INFOCOMM_322\NLR\5000168254
005 20250613110402.0
035 _a(NLR Aleph) 009560362
090 _a9064800
_c9064800
100 _a20130211d1981 |||y0rusy50 ca
101 1 _aeng
_crus
102 _aRU
105 _ay z |||||
200 1 _aNuclear strategy and common sense
_fNikolai Luzin
_g[Transl. from the Russ. by Dmitri Belyavsky a. David Fidlon]
210 _aM.
_cProgress
_dˆCop.‰1981
215 _a350 с.
_d17 см
300 _aНа обороте тит. л.: Ядерная стратегия и здравый смысл / Н. П. Лузин
320 _aБиблиогр.: с. 331-339
606 0 _aАтомное оружие
_91042464
_3RU\NLR\AUTH\6683677
620 _aМосква
686 _aТ3(0)63-601.23
_2rubbk
700 1 _9z01790
_aLuzin
_bN. P.
_gNikolaj Pavlovič
790 1 _9z01700
_aLuzin
_bN.
_gNikolai
_4070
801 1 _aRU
_bInfocomm
_c20130211
801 0 _aRU
_bINFOCOMM
_gPSBO
852 _aNLR
_jИ25 Д-1/219
942 _cBOOK
980 _aNB